000 nam a22 7a 4500
999 _c10700
_d10700
008 180220b ||||| |||| 00| 0 eng d
100 _aRajput,A.
_95021
245 _aMath Power-3
260 _aNew Delhi
_bFK Publications